| 000 | 00719nam a2200205Ii 4500 | ||
|---|---|---|---|
| 003 | JO-AjNU | ||
| 008 | 230605s9999||||xx |||||||||||||| ||und|| | ||
| 017 | _a1974/1548 | ||
| 040 |
_aJO-AjNU _bara _erda _cJO-AjNU |
||
| 041 | _aara | ||
| 050 | 1 | 4 | _aPJ7543 .J852 1974 |
| 100 | 3 |
_aتأليف الجمحي، أبو عبد الله محمد بن سلام؛ قرأة وشرحة محمود محمد شاكر, _eauthor _911532 |
|
| 245 | 0 | 0 | _aطبقات فحول الشعراء |
| 264 | 3 | 1 | _aالقاهرة: د،ن، 1974 |
| 300 | _aج1، 296ص | ||
| 336 |
_atext _btxt _2rdacontent |
||
| 337 |
_aunmediated _bn _2rdamedia |
||
| 338 |
_avolume _bnc _2rdacarrier |
||
| 650 | 4 |
_aالشعراء العرب -- تراجم _911533 |
|
| 999 |
_aA2373 _c5941 _d5941 |
||